Полярография расплавов. Исследование комплексообразования в двойной системе бромистый алюминий-бромистый натрий: отдельный оттиск

Bibliografiske detaljer
Hovedforfatter: Човнык Н. Г.
Andre forfattere: Ващенко В. В., Полянцева М. С.
Sprog:russisk
Udgivet: Киев, [Б. и.], 1966
Serier:Украинский химический журнал Т. 32, № 5
Fag:
Format: Bog
KOHA link:https://koha.lib.tpu.ru/cgi-bin/koha/opac-detail.pl?biblionumber=335532

MARC

LEADER 00000nam0a2200000 4500
001 335532
005 20231102004749.0
035 |a (RuTPU)RU\TPU\book\361923 
090 |a 335532 
100 |a 20170926d1966 k y0rusy50 ca 
101 0 |a rus 
102 |a UA 
105 |a a z 001zy 
200 1 |a Полярография расплавов. Исследование комплексообразования в двойной системе бромистый алюминий-бромистый натрий  |e отдельный оттиск  |f Н. Г. Човнык, В. В. Ващенко, М. С. Полянцева 
210 |a Киев  |c [Б. и.]  |d 1966 
215 |a 3 с.  |c ил. 
225 1 |a Украинский химический журнал  |v Т. 32, № 5 
320 |a Библиогр. в конце ст. 
606 1 |a Полярографический анализ  |2 stltpush  |3 (RuTPU)RU\TPU\subj\50820  |9 69454 
610 1 |a оттиски 
610 1 |a библиотека А. Г. Стромберга 
610 1 |a расплавы 
610 1 |a полярография 
610 1 |a комплексообразование 
610 1 |a двойные системы 
610 1 |a бромистый алюминий 
610 1 |a бромистый натрий 
675 |a 543.552  |v 4 
700 1 |a Човнык  |b Н. Г. 
701 1 |a Ващенко  |b В. В. 
701 1 |a Полянцева  |b М. С. 
801 1 |a RU  |b 63413507  |c 20170926 
801 2 |a RU  |b 63413507  |c 20171201  |g RCR 
942 |c BK